书目信息 |
| 题名: |
中国哲学史概要
|
|
| 作者: | 沈善洪 著 | |
| 分册: | ||
| 出版信息: | 杭州 浙江人民出版社 1980 |
|
| 页数: | 371页 | |
| 开本: | 21cm | |
| 丛书名: | ||
| 单 册: | ||
| 中图分类: | B2 | |
| 科图分类: | ||
| 主题词: | 哲学史--中国 | |
| 电子资源: | ||
| ISBN: | ||
| 000 | 00560nam0 2200217 45 | |
| 001 | 0180005757 | |
| 005 | 20060816104558.00 | |
| 010 | @dCNY1.11 | |
| 100 | @a19950613d1980 em y0chiy0121 ea | |
| 101 | 0 | @achi |
| 102 | @aCN@b330000 | |
| 105 | @ay z 000yy | |
| 200 | 10 | @a中国哲学史概要@Azhong guo zhe xue shi gai yao@f沈善洪著 |
| 210 | @a杭州@c浙江人民出版社@d1980 | |
| 215 | @a371页@d21cm | |
| 606 | @a哲学史@y中国 | |
| 690 | @aB2@v3 | |
| 701 | 0 | @a沈善洪@Ashen shan hong@4著 |
| 801 | 2 | @aCN@bNLC@c20060816 |
| 801 | 0 | @aCN@bTSSF |
| 905 | @a10447@dB2@e100 | |
| 中国哲学史概要/沈善洪著.-杭州:浙江人民出版社,1980 |
| 371页;21cm |
| ISBN :CNY1.11 |
| ● |
| 相关链接 |
|
|
|
|
正题名:中国哲学史概要
索取号:B2/100
 
预约/预借
| 序号 | 登录号 | 条形码 | 馆藏地/架位号 | 状态 | 备注 |
| 1 | 0464830 | 204648300 | 密集书库/ [索取号:B2/100] | 在馆 |